000 00516nam a2200157 a 4500
001 000046029
005 20201002052606.0
008 150612s2013 dr 000 0 spa d
020 _a9789945131673
040 _aDO-SdBNP
_bspa
_cBNPHU
100 1 _aSalazar, Manuel
_92454
245 1 0 _aSobre los conceptos y las categorías de análisis :
_balgunas cuestiones para la práctica /
_cManuel Salazar.
260 _aSanto Domingo, :
_bMediabyte,
_c2013.
300 _a108 p. ;
_c22 cm.
504 _aBibliografía p: 107-108
999 _c45518
_d45518